| 000 | 00344nam a2200133Ia 4500 | ||
|---|---|---|---|
| 008 | 150201s2014 xx 000 0 und d | ||
| 082 |
_a617.643 _bO2012G |
||
| 100 | _aGRABER ,LEE.W | ||
| 245 | _aORTHODONTICS : CURRENT PRINCIPLES & TECHNIQUES | ||
| 250 | _a5TH | ||
| 260 | _bELSEVIER PUBLICATION | ||
| 650 | _aORTHODONTICS | ||
| 942 |
_2ddc _cBK _06 |
||
| 999 |
_c4862 _d4862 |
||